| 000 | 013130000a22002290004500 | ||
|---|---|---|---|
| 020 | _a84-206-1539-0 | ||
| 041 | 0 | _aSPA | |
| 082 | 0 | 4 | _aG 131.34 F8891e |
| 100 | 1 | _aFreud, Sigmund (1856-1939) | |
| 245 | 1 | 0 | _aEsquema del psicoanálisis y otros escritos de doctrina psicoanalítica / Sigmund Freud ; Luis López-Ballesteros y de Torres y Ramón Rey Ardid, Traductores. |
| 250 | _a4 | ||
| 260 | _aMadrid, España : Alianza | ||
| 300 | _a354 Pag. | ||
| 500 | _aTítulo original : Kurzer abriss der psychoanalyse | ||
| 505 | 0 | 0 | _aesquema de psicoanálisis -- compendio del psicoanálisis --múltiple interés del psicoanálisis -- el diagnóstico de los hechos y el psicoanálisis -- los actos obsesivos y las prácticas religiosas -- el doble sentido antitético de las palabras primitivas -- un paralelo mitológico a una representación obsesiva plástica -- una dificultad del psicoanálisis -- la cuestión del análisis profano -- las resistencias contra el psicoanálisis -- la peritación forense en el proceso Halsmann -- personajes psicopáticos en el teatro -- sobre la enseñanza del psicoanálisis en la universidad. |
| 650 | 1 | 4 | _aPSICOANALISIS |
| 001 | 632 | ||
| 942 | _cBK | ||
| 999 |
_c32127 _d32127 |
||
| 336 |
_atexto _btxt _2rdacontent |
||
| 337 |
_2rdamedia _asin mediación _bn |
||
| 338 |
_2rdacarrier _avolumen _bnc |
||